[Event "Lethbridge op"]
[Site "Lethbridge"]
[Date "2009.04.04"]
[Round "2"]
[White "Fox, Thomas"]
[Black "Taylor, Bill"]
[Result "1-0"]
[WhiteElo "1664"]
[BlackElo "1924"]
[PlyCount "67"]
[EventDate "2009.04.04"]
[EventType "swiss"]
[EventRounds "5"]
[EventCountry "CAN"]
[SourceTitle "EXT 2011"]
[Source "ChessBase"]
[SourceDate "2010.11.26"]
[SourceVersion "1"]
[SourceVersionDate "2010.11.26"]
[SourceQuality "1"]

1. d4 Nf6 2. Bg5 g6 3. Nc3 d5 4. Nf3 Bg7 5. e3 h6 6. Bh4 g5 7. Bg3 Nh5 8. Be5 f6 9. Nh4 g4 10. Qd3 Be6 11. Bg3 0-0 12. Qg6 Nxg3 13. hxg3 Qe8 14. Qd3 f5 15. 0-0-0 c6 16. Ne2 Bd7 17. Nf4 e5 18. dxe5 Qxe5 19. Qb3 Qc7 20. c4 Qb6 21. Qc2 Na6 22. a3 d4 23. exd4 Bxd4 24. Nhg6 Kg7 25. Nxf8 Rxf8 26. Qd2 c5 27. Re1 Rf7 28. Ne6+ Kg8 29. Nxd4 cxd4 30. Rxh6 Qd8 31. Rg6+ Rg7 32. Rxg7+ Kxg7 33. Qxd4+ Kg6 34. Re6+ 1-0